000 00296nam a2200145Ia 4500
100 _aBiswas/Dipali
942 _cBK
366 _f20
245 _aEnhancing Soft skills
260 _bShroff Publishers
_c2009
082 _a371.6
_bBIS
300 _a327
546 _aENGLISH
_cTTL
999 _c23893
_d23893